| 000 | 01000nam a2200277Ia 4500 | ||
|---|---|---|---|
| 003 | OSt | ||
| 005 | 20221005110101.0 | ||
| 006 | a|||||r|||| 00| 0 | ||
| 007 | ta | ||
| 008 | 221004b |||||||| |||| 00| 0 mar d | ||
| 020 |
_a8172011792 (pbk) _c375 |
||
| 024 | _a93503 | ||
| 037 |
_b526, 19/03/2009, Vani Prakashan _cTextual |
||
| 040 |
_aCRL _cCRL _bmar |
||
| 041 |
_2mar _amar |
||
| 082 | _aO155,3NMA,PA, 152N3 | ||
| 100 | _aमाने, लक्ष्मण | ||
| 245 | 0 | _aपराया | |
| 246 | _aParāyā | ||
| 260 |
_aनई दिल्ली _bसाहित्य अकादेमी भारत _c1993 |
||
| 300 |
_a124पृ0 _ccm. |
||
| 650 | _aमराठी साहित्य | ||
| 700 | _a खड़से, दामोदर, अनु. | ||
| 942 |
_hO155,3NMA,PA, 152N3 _cTEXL _2cc |
||
| 999 |
_c1017737 _d1017737 |
||